[Event "DEM U14w 2009"]
[Site "Willingen GER"]
[Date "2009.06.03"]
[Round "6"]
[White "Schünemann, Anne"]
[Black "Polert, Annika"]
[Result "0-1"]
[Termination "normal"]
[Board "13"]
[WhiteElo "1102"]
[BlackElo "1487"]
[PlyCount "58"]
[BlackFideId "24692328"]
[EventCountry "GER"]
[EventRounds "9"]
[EventType "swiss"]
[EventDate "2009.05.30"]

1. e4 c5 2. Nf3 Nc6 3. d4 cxd4 4. Nxd4 g6 5. Nc3 Bg7 6. Be3 Nf6 7. Bc4 O-O 8.
Bb3 Ng4 9. Qxg4 Nxd4 10. O-O-O Nxb3+ 11. axb3 Qa5 12. Kb1 d6 13. Qg3 Be6 14. h4
h5 15. Ne2 Qb4 16. Nd4 Bd7 17. Nf5 Qxe4 18. Nxg7 Kxg7 19. Rhe1 Qg4 20. Qxg4
Bxg4 21. f3 Be6 22. Bd4+ Kg8 23. c4 Rfc8 24. Rc1 Bf5+ 25. Ka2 Rc6 26. Ka3 Kf8
27. c5 dxc5 28. Bxc5 Be6 29. b4 Ra6# 0-1

[Event "DEM U14w 2009"]
[Site "Willingen GER"]
[Date "2009.06.04"]
[Round "7"]
[White "Kühnel, Lena"]
[Black "Düssler, Stefanie"]
[Result "0-1"]
[Termination "normal"]
[Board "1"]
[WhiteElo "1728"]
[BlackElo "1681"]
[PlyCount "82"]
[WhiteFideId "24640956"]
[BlackFideId "4634780"]
[EventCountry "GER"]
[EventRounds "9"]
[EventType "swiss"]
[EventDate "2009.05.30"]

1. e4 e5 2. Nf3 Nc6 3. Nc3 Nf6 4. d4 exd4 5. Nxd4 Bb4 6. Nxc6 bxc6 7. Bd3 O-O
8. O-O Re8 9. Qf3 h6 10. Bd2 d5 11. exd5 cxd5 12. h3 c6 13. Rad1 a5 14. Rfe1
Ba6 15. Rxe8+ Qxe8 16. Re1 Qd8 17. a3 Bxd3 18. Qxd3 Bd6 19. a4 Bc7 20. Qf3 Qd6
21. g3 Qd7 22. Kg2 Rb8 23. b3 Nh7 24. Qh5 Nf8 25. Ne2 Ne6 26. Qg4 Kf8 27. Nd4
Re8 28. Bc3 g6 29. f4 h5 30. Qd1 Bb6 31. Nxe6+ Rxe6 32. Be5 f6 33. Bc3 d4 34.
Bb2 Qd5+ 35. Kh2 c5 36. Re2 Qf3 37. Rxe6 Qxd1 38. Rxf6+ Ke7 39. Bxd4 cxd4 40.
Rxg6 Qxc2+ 41. Kg1 d3+ 0-1

[Event "DEM U14w 2009"]
[Site "Willingen GER"]
[Date "2009.06.04"]
[Round "7"]
[White "Schätz, Bianca"]
[Black "Pohl, Theresa"]
[Result "1/2-1/2"]
[Termination "normal"]
[Board "2"]
[WhiteElo "1458"]
[BlackElo "1700"]
[PlyCount "90"]
[WhiteFideId "24655821"]
[EventCountry "GER"]
[EventRounds "9"]
[EventType "swiss"]
[EventDate "2009.05.30"]

1. d4 Nf6 2. c4 g6 3. Nc3 Bg7 4. e4 d6 5. Be2 O-O 6. Bg5 c5 7. d5 Na6 8. Qd2
Bd7 9. f3 Nc7 10. g4 Nce8 11. Nh3 h5 12. Nf2 Kh7 13. h3 Rh8 14. Nd3 Kg8 15. Nf2
a6 16. Rb1 b5 17. cxb5 axb5 18. a3 Rb8 19. O-O b4 20. axb4 Rxb4 21. Nd3 Rb8 22.
Nf2 hxg4 23. hxg4 Nc7 24. Kg2 Qf8 25. Rh1 e6 26. Rxh8+ Bxh8 27. dxe6 Nxe6 28.
Be3 Bg7 29. Nh3 Bc6 30. Nf4 Nc7 31. Bc4 Rb4 32. Nxg6 Qe8 33. Ba2 Nxe4 34. Nxe4
Bxe4 35. fxe4 Qxe4+ 36. Kf2 Qxg6 37. g5 Qxb1 38. Bxb1 Rxb2 39. Bc2 Nb5 40. Kf3
Na3 41. Qxd6 Nxc2 42. Qd8+ Kh7 43. Qd3+ Kg8 44. Qd8+ Kh7 45. Qd3+ Kg8 1/2-1/2

[Event "DEM U14w 2009"]
[Site "Willingen GER"]
[Date "2009.06.04"]
[Round "7"]
[White "Schäfer, Daniela"]
[Black "Marx, Inga"]
[Result "0-1"]
[Termination "normal"]
[Board "3"]
[WhiteElo "1905"]
[BlackElo "1460"]
[PlyCount "62"]
[WhiteFideId "4624769"]
[BlackFideId "4654749"]
[EventCountry "GER"]
[EventRounds "9"]
[EventType "swiss"]
[EventDate "2009.05.30"]

1. e4 d5 2. exd5 Qxd5 3. Nc3 Qd6 4. d4 Nf6 5. g3 c6 6. Bg2 Bf5 7. Nf3 e6 8. Qe2
Qd8 9. O-O Bd6 10. Ne5 O-O 11. Bg5 h6 12. Bxf6 Qxf6 13. f4 Qe7 14. Kh1 Nd7 15.
Nc4 Nf6 16. Nd1 Rab8 17. Nde3 Bh7 18. Rfe1 Qc7 19. Rad1 Nd5 20. c3 Rfd8 21.
Nxd6 Rxd6 22. Nc4 Rdd8 23. Ne5 b5 24. Qg4 Bf5 25. Qe2 c5 26. dxc5 Qxc5 27. Rd2
Rb6 28. Red1 Rbd6 29. Bf3 a6 30. Nd3 Qb6 31. Kg2 Ne3+ 0-1

[Event "DEM U14w 2009"]
[Site "Willingen GER"]
[Date "2009.06.04"]
[Round "7"]
[White "Gamisch, Laura"]
[Black "Tran, My Linh"]
[Result "1-0"]
[Termination "normal"]
[Board "4"]
[WhiteElo "1744"]
[BlackElo "1813"]
[PlyCount "57"]
[WhiteFideId "24615161"]
[BlackFideId "24682462"]
[EventCountry "GER"]
[EventRounds "9"]
[EventType "swiss"]
[EventDate "2009.05.30"]

1. e4 e5 2. Nc3 Nf6 3. Bc4 Nxe4 4. Qh5 Nd6 5. Bb3 Nc6 6. Nb5 Qf6 7. Nxc7+ Kd8
8. Nxa8 b6 9. d3 h6 10. Nxb6 axb6 11. Be3 Kc7 12. Qe2 Bb7 13. f3 Nf5 14. Bd2
Bc5 15. O-O-O Ra8 16. c3 b5 17. Nh3 b4 18. Nf2 bxc3 19. bxc3 Na5 20. Kb2 Ba3+
21. Kc2 Nc6 22. Be3 Na5 23. Ng4 Qe7 24. Bf2 f6 25. Ne3 Nxe3+ 26. Qxe3 Qd6 27.
d4 Ba6 28. dxe5 Qxe5 29. Bg3 1-0

[Event "DEM U14w 2009"]
[Site "Willingen GER"]
[Date "2009.06.04"]
[Round "7"]
[White "Kostré, Margarita"]
[Black "Schmalhorst, Sophia"]
[Result "1-0"]
[Termination "normal"]
[Board "6"]
[WhiteElo "1747"]
[BlackElo "1843"]
[PlyCount "113"]
[WhiteFideId "4673344"]
[BlackFideId "24682497"]
[EventCountry "GER"]
[EventRounds "9"]
[EventType "swiss"]
[EventDate "2009.05.30"]

1. e4 e5 2. Nf3 Nc6 3. d4 exd4 4. Nxd4 Nf6 5. Nc3 Bb4 6. Nxc6 bxc6 7. Bd3 d5 8.
exd5 cxd5 9. O-O O-O 10. Bg5 c6 11. Qf3 Be6 12. Nd1 Bd6 13. Ne3 Be5 14. c3 h6
15. Bf4 Bxf4 16. Qxf4 Qb8 17. Qxb8 Raxb8 18. b3 Rfd8 19. Nf5 Kf8 20. Nd4 Bd7
21. Rfd1 a5 22. a4 Re8 23. f3 c5 24. Nb5 Re3 25. Kf2 Rbe8 26. Rac1 R3e7 27. Bf1
Bc6 28. Bd3 Bd7 29. Bf1 Bc6 30. Bd3 Bd7 31. Bf1 Bf5 32. Nd6 Re5 33. Nxe8 Kxe8
34. Re1 Rxe1 35. Rxe1+ Kd7 36. Bb5+ Kd6 37. Re2 Be6 38. Rd2 Ke5 39. Ke3 g5 40.
g3 Nh5 41. b4 axb4 42. cxb4 c4 43. a5 f5 44. a6 d4+ 45. Kf2 c3 46. Rc2 Bd5 47.
a7 f4 48. Bd3 fxg3+ 49. hxg3 Nf6 50. Ra2 Ba8 51. Re2+ Kd6 52. Bf5 Kd5 53. Re6
Kc4 54. Rxf6 d3 55. Rf8 c2 56. Rxa8 Kb3 57. Rc8 1-0

[Event "DEM U14w 2009"]
[Site "Willingen GER"]
[Date "2009.06.04"]
[Round "7"]
[White "Schmitt, Katrin"]
[Black "Lehmann, Patricia"]
[Result "1-0"]
[Termination "normal"]
[Board "7"]
[WhiteElo "1606"]
[BlackElo "1378"]
[PlyCount "81"]
[WhiteFideId "24654400"]
[BlackFideId "12900060"]
[EventCountry "GER"]
[EventRounds "9"]
[EventType "swiss"]
[EventDate "2009.05.30"]

1. e4 c5 2. Nf3 d6 3. d4 cxd4 4. Nxd4 Nf6 5. Nc3 g6 6. Be3 Bg7 7. f3 O-O 8. Qd2
Nc6 9. O-O-O Bd7 10. g4 Ne5 11. h4 Rc8 12. h5 Nc4 13. Bxc4 Rxc4 14. hxg6 fxg6
15. e5 Ne8 16. Qh2 Kf7 17. Ne4 Rh8 18. e6+ Kf8 19. Qf4+ Nf6 20. exd7 Qxd7 21.
g5 e5 22. Nxf6 exf4 23. Nxd7+ Ke7 24. Bf2 Kxd7 25. c3 a6 26. Kb1 b5 27. Nb3 Kc7
28. Bd4 Bxd4 29. Rxd4 Rxd4 30. Nxd4 Re8 31. Rxh7+ Kb6 32. Rg7 Re1+ 33. Kc2 Re8
34. Rxg6 Kc5 35. Rg7 Kb6 36. g6 d5 37. Rf7 Ka5 38. g7 Rg8 39. Nf5 Ka4 40. Rf8
Rxg7 41. Nxg7 1-0

[Event "DEM U14w 2009"]
[Site "Willingen GER"]
[Date "2009.06.04"]
[Round "7"]
[White "Schäfer, Ann-Kathrin"]
[Black "Röhlich, Anna"]
[Result "1-0"]
[Termination "normal"]
[Board "9"]
[WhiteElo "1647"]
[BlackElo "1175"]
[PlyCount "51"]
[WhiteFideId "24615412"]
[EventCountry "GER"]
[EventRounds "9"]
[EventType "swiss"]
[EventDate "2009.05.30"]

1. e4 e6 2. f4 d5 3. e5 Bd7 4. Nf3 c5 5. c3 Nc6 6. Na3 Nh6 7. Nc2 Qb6 8. d4 f6
9. Bd3 Be7 10. O-O O-O 11. a3 a5 12. Rb1 Nf7 13. Bd2 h6 14. b4 cxb4 15. axb4
axb4 16. cxb4 fxe5 17. fxe5 Nfxe5 18. Nxe5 Nxe5 19. Be2 g5 20. Kh1 Nc6 21. b5
Na7 22. Ra1 Rac8 23. Ba5 Rxf1+ 24. Bxf1 Qd6 25. Bb4 Qb6 26. Bxe7 1-0

[Event "DEM U14w 2009"]
[Site "Willingen GER"]
[Date "2009.06.04"]
[Round "7"]
[White "Spangenberg, Romy"]
[Black "Liez, Franziska"]
[Result "1/2-1/2"]
[Termination "normal"]
[Board "10"]
[WhiteElo "1453"]
[BlackElo "1037"]
[PlyCount "77"]
[WhiteFideId "4627997"]
[BlackFideId "1271766"]
[EventCountry "GER"]
[EventRounds "9"]
[EventType "swiss"]
[EventDate "2009.05.30"]

1. e4 e5 2. Nf3 Nc6 3. d4 exd4 4. Nxd4 Bc5 5. Be3 Nxd4 6. Bxd4 Bxd4 7. Qxd4 Nf6
8. e5 Nh5 9. g4 c5 10. Qe3 Qb6 11. gxh5 Qxb2 12. Qc3 Qc1+ 13. Ke2 Qg5 14. Nd2
Qxh5+ 15. Nf3 b6 16. Bg2 O-O 17. Rae1 Bb7 18. Kd1 Rfd8 19. Kc1 Rab8 20. Kb1 Qf5
21. Rhg1 d6 22. exd6 Rxd6 23. Bh1 Rf6 24. Rg5 Qf4 25. Qe5 Qxe5 26. Rgxe5 g6 27.
Re8+ Rxe8 28. Rxe8+ Kg7 29. Re3 a5 30. Kc1 g5 31. h3 h5 32. Bg2 g4 33. hxg4
hxg4 34. Ne1 Bxg2 35. Nxg2 Rxf2 36. Rg3 f5 37. Ne3 Kg6 38. Nxg4 fxg4 39. Rxg4+
1/2-1/2

[Event "DEM U14w 2009"]
[Site "Willingen GER"]
[Date "2009.06.04"]
[Round "7"]
[White "Lange, Anika"]
[Black "Puffay, Jana"]
[Result "0-1"]
[Termination "normal"]
[Board "11"]
[WhiteElo "1275"]
[BlackElo "1204"]
[PlyCount "154"]
[WhiteFideId "24693405"]
[BlackFideId "24692360"]
[EventCountry "GER"]
[EventRounds "9"]
[EventType "swiss"]
[EventDate "2009.05.30"]

1. e4 c5 2. Nc3 a6 3. g3 b5 4. Bg2 Bb7 5. d3 Nf6 6. f4 e6 7. Nf3 Be7 8. O-O Nc6
9. Be3 Ng4 10. Bd2 Qb6 11. Qe1 c4+ 12. Kh1 Bc5 13. dxc4 Nf2+ 14. Rxf2 Bxf2 15.
Qe2 bxc4 16. b3 cxb3 17. cxb3 Bc5 18. Na4 Qa7 19. Nxc5 Qxc5 20. Rc1 Qb5 21. Qe1
O-O 22. Bf1 Qb6 23. Rc4 Rfc8 24. a4 Qxb3 25. Kg2 Qb6 26. a5 Qd8 27. Rc1 Ne7 28.
Rb1 Bc6 29. Rb6 Bb5 30. Bxb5 axb5 31. Rxb5 Nc6 32. Qa1 Ra6 33. Rg5 f6 34. Rc5
Rca8 35. f5 Nxa5 36. Bxa5 Rxa5 37. Rxa5 Qxa5 38. Qf1 Qa1 39. Qxa1 Rxa1 40. fxe6
dxe6 41. e5 Ra2+ 42. Kg1 Rb2 43. exf6 gxf6 44. h4 h5 45. Kf1 Ra2 46. Nd4 Kf7
47. Ne2 e5 48. Kf2 Ra3 49. Kg2 Kg6 50. Kf2 Kf5 51. Ng1 Kg4 52. Ne2 Ra2 53. Ke3
Rxe2+ 54. Kxe2 Kxg3 55. Ke3 f5 56. Ke2 f4 57. Kf1 e4 58. Ke1 Kg2 59. Ke2 f3+
60. Ke3 f2 61. Kxe4 f1=Q 62. Ke5 Qc4 63. Kf5 Qg4+ 64. Ke5 Kf3 65. Kd5 Qf4 66.
Kc5 Ke3 67. Kd5 Qe4+ 68. Kd6 Qf5 69. Kc6 Kd4 70. Kd6 Qe5+ 71. Kd7 Qf6 72. Kc7
Kc5 73. Kd7 Kb6 74. Ke8 Qg7 75. Kd8 Kc6 76. Ke8 Kd6 77. Kd8 Qd7# 0-1

[Event "DEM U14w 2009"]
[Site "Willingen GER"]
[Date "2009.06.04"]
[Round "7"]
[White "Polert, Annika"]
[Black "Ludwig, Maria"]
[Result "1-0"]
[Termination "normal"]
[Board "12"]
[WhiteElo "1487"]
[BlackElo "887"]
[PlyCount "51"]
[WhiteFideId "24692328"]
[BlackFideId "24655791"]
[EventCountry "GER"]
[EventRounds "9"]
[EventType "swiss"]
[EventDate "2009.05.30"]

1. c4 Nc6 2. g3 e5 3. Bg2 Nf6 4. Nc3 Bc5 5. e3 d6 6. Nge2 Be6 7. d3 Qd7 8. O-O
O-O-O 9. Re1 Bh3 10. Bh1 h5 11. a3 h4 12. b4 Bb6 13. d4 hxg3 14. fxg3 exd4 15.
exd4 a6 16. Na4 Ba7 17. b5 axb5 18. cxb5 Ne7 19. Qc2 Qf5 20. Qc4 d5 21. Qc3 Kb8
22. Bf4 Ka8 23. Bxc7 Rc8 24. b6 Rxc7 25. Qxc7 Bb8 26. Qxe7 1-0

[Event "DEM U14w 2009"]
[Site "Willingen GER"]
[Date "2009.06.04"]
[Round "7"]
[White "Rahimi, Rozafa"]
[Black "Schünemann, Anne"]
[Result "1-0"]
[Termination "normal"]
[Board "13"]
[WhiteElo "1408"]
[BlackElo "1102"]
[PlyCount "105"]
[WhiteFideId "24692280"]
[EventCountry "GER"]
[EventRounds "9"]
[EventType "swiss"]
[EventDate "2009.05.30"]

1. e4 c6 2. Nc3 d5 3. Nf3 dxe4 4. Nxe4 Bf5 5. Ng3 Bg4 6. h3 Bxf3 7. Qxf3 Nf6 8.
Bc4 e6 9. c3 Nbd7 10. d4 Qc8 11. O-O Be7 12. Bf4 O-O 13. Rfe1 c5 14. d5 Nb6 15.
b3 Nbxd5 16. Rad1 Nxf4 17. Qxf4 Bd8 18. Ne4 Nxe4 19. Rxe4 Bc7 20. Qe3 Re8 21.
Bd3 Bd8 22. Rg4 Bf6 23. c4 Qc6 24. Be4 Qc7 25. Qf3 Kf8 26. Bxb7 Rad8 27. Be4
Rxd1+ 28. Qxd1 Rd8 29. Qc2 h5 30. Rg3 Be5 31. Rd3 Rxd3 32. Qxd3 Qd6 33. Kf1
Qxd3+ 34. Bxd3 Bc3 35. Ke2 a5 36. Kd1 Bd4 37. f3 h4 38. Kc2 Ke8 39. Be2 e5 40.
Kd3 f5 41. g4 f4 42. Ke4 g6 43. Bd3 Ke7 44. Kd5 g5 45. Kc6 Kd8 46. Kb5 Kc7 47.
Kxa5 Kb8 48. Kb6 Ka8 49. a4 Kb8 50. a5 Ka8 51. a6 Bc3 52. Be4+ Kb8 53. a7+ 1-0

[Event "DEM U14w 2009"]
[Site "Willingen GER"]
[Date "2009.06.05"]
[Round "8"]
[White "Düssler, Stefanie"]
[Black "Gamisch, Laura"]
[Result "1-0"]
[Termination "normal"]
[Board "1"]
[WhiteElo "1681"]
[BlackElo "1744"]
[PlyCount "103"]
[WhiteFideId "4634780"]
[BlackFideId "24615161"]
[EventCountry "GER"]
[EventRounds "9"]
[EventType "swiss"]
[EventDate "2009.05.30"]

1. e4 c5 2. Nf3 e6 3. d4 cxd4 4. Nxd4 Nc6 5. Nc3 Qc7 6. Ndb5 Qb8 7. Be3 Nf6 8.
f4 d6 9. Be2 Be7 10. O-O O-O 11. Qe1 Nb4 12. Rc1 Bd7 13. a3 Bxb5 14. Bxb5 Nc6
15. Qg3 Rd8 16. Rcd1 d5 17. e5 Ne8 18. Ne2 g6 19. Qf2 Ng7 20. g4 h5 21. h3 Kh7
22. Kg2 Rh8 23. Rh1 Kg8 24. Ng3 h4 25. Nf1 Ne8 26. c3 Nc7 27. Ba4 b5 28. Bc2
Na5 29. Nd2 Nc4 30. Rb1 Nxe3+ 31. Qxe3 Na6 32. Nb3 Qb7 33. Nd4 Bc5 34. Bd3 Nc7
35. Kh2 a6 36. Rhg1 Kg7 37. f5 Qb6 38. Qg5 Bxd4 39. Qf6+ Kg8 40. fxg6 Bxg1+ 41.
Rxg1 Qxg1+ 42. Kxg1 fxg6 43. Qxg6+ Kf8 44. Qf6+ Kg8 45. g5 Rb8 46. Qe7 Ne8 47.
Qxe6+ Kf8 48. g6 Rb7 49. Qxa6 Re7 50. Bxb5 Rh5 51. Bxe8 Kxe8 52. Qc8# 1-0

[Event "DEM U14w 2009"]
[Site "Willingen GER"]
[Date "2009.06.05"]
[Round "8"]
[White "Pohl, Theresa"]
[Black "Rethmann, Kristin"]
[Result "1-0"]
[Termination "normal"]
[Board "3"]
[WhiteElo "1700"]
[BlackElo "1748"]
[PlyCount "133"]
[BlackFideId "24655805"]
[EventCountry "GER"]
[EventRounds "9"]
[EventType "swiss"]
[EventDate "2009.05.30"]

1. d4 Nf6 2. c4 c5 3. d5 e6 4. Nc3 exd5 5. cxd5 d6 6. e4 g6 7. Bd3 Bg7 8. f4
Qe7 9. Qe2 Bg4 10. Nf3 Bxf3 11. Qxf3 Nbd7 12. O-O O-O 13. Bd2 a6 14. a4 Rab8
15. Rfe1 Ne8 16. a5 Nc7 17. Qe2 Ra8 18. Be3 Rfb8 19. Ra2 Kh8 20. Bf2 Re8 21.
Bc4 Rab8 22. Qd2 b5 23. axb6 Rxb6 24. Rea1 Nb8 25. Rd1 Nb5 26. Na4 Rb7 27. b3
Bd4 28. Re1 f6 29. Bxd4 Nxd4 30. Qd3 Ra7 31. Nc3 Qb7 32. Ne2 Nxe2+ 33. Qxe2 Kg7
34. Rea1 Rd8 35. Qd3 Kg8 36. Bxa6 Nxa6 37. Rxa6 Rxa6 38. Rxa6 Qe7 39. Kf2 Re8
40. Ra4 Qb7 41. Kf3 Rb8 42. Ra6 Qc7 43. Rc6 Qd7 44. Qc3 Kg7 45. e5 fxe5 46.
fxe5 Qf7+ 47. Ke2 Qxd5 48. exd6+ Kg8 49. Qc4 Re8+ 50. Kf2 Qxc4 51. bxc4 Rd8 52.
Ke3 Kf7 53. Rxc5 Rxd6 54. Rc7+ Ke6 55. Rxh7 Rd1 56. c5 Rc1 57. Rc7 Rc2 58. Kf3
Rc3+ 59. Kg4 Rc2 60. Kh3 Rc3+ 61. g3 Rc2 62. c6 Kf5 63. Rc8 g5 64. Rf8+ Kg6 65.
Rc8 Kf5 66. g4+ Kf6 67. c7 1-0

[Event "DEM U14w 2009"]
[Site "Willingen GER"]
[Date "2009.06.05"]
[Round "8"]
[White "Schäfer, Daniela"]
[Black "Schätz, Bianca"]
[Result "1/2-1/2"]
[Termination "normal"]
[Board "4"]
[WhiteElo "1905"]
[BlackElo "1458"]
[PlyCount "71"]
[WhiteFideId "4624769"]
[BlackFideId "24655821"]
[EventCountry "GER"]
[EventRounds "9"]
[EventType "swiss"]
[EventDate "2009.05.30"]

1. e4 c5 2. Nf3 Nc6 3. Bb5 g6 4. O-O Bg7 5. c3 a6 6. Bxc6 dxc6 7. d3 e5 8. Be3
b6 9. h3 Ne7 10. Qe2 O-O 11. Nbd2 Qc7 12. Ne1 f5 13. exf5 Nxf5 14. Nef3 Re8 15.
Bf4 Bd7 16. Bh2 Re7 17. g4 Nh6 18. d4 cxd4 19. cxd4 Rae8 20. dxe5 Qb7 21. Nc4
Nf7 22. Rad1 b5 23. Nd6 Nxd6 24. Rxd6 Be6 25. Nd2 Bxa2 26. b3 Bxe5 27. Bxe5
Rxe5 28. Qd3 c5 29. Qc2 Rd5 30. Rxd5 Qxd5 31. Qxa2 Re2 32. Qxa6 Rxd2 33. Qxb5
Rd3 34. Qe8+ Kg7 35. Qe7+ Kg8 36. Qe8+ 1/2-1/2

[Event "DEM U14w 2009"]
[Site "Willingen GER"]
[Date "2009.06.05"]
[Round "8"]
[White "Tran, My Linh"]
[Black "Kostré, Margarita"]
[Result "1-0"]
[Termination "normal"]
[Board "5"]
[WhiteElo "1813"]
[BlackElo "1747"]
[PlyCount "101"]
[WhiteFideId "24682462"]
[BlackFideId "4673344"]
[EventCountry "GER"]
[EventRounds "9"]
[EventType "swiss"]
[EventDate "2009.05.30"]

1. e4 d5 2. exd5 Qxd5 3. Nc3 Qa5 4. Bc4 Nf6 5. d3 Bf5 6. Bd2 c6 7. Nf3 e6 8.
Qe2 Bb4 9. a3 Nbd7 10. O-O Bxc3 11. Bxc3 Qc7 12. Nd4 Bg6 13. Rfe1 O-O-O 14. Nf3
Bh5 15. Qe3 Nd5 16. Bxd5 exd5 17. Nd2 Kb8 18. Qh3 Bg6 19. Re7 Qd6 20. Rae1 d4
21. Nc4 Qd5 22. Bd2 Bf5 23. Qg3+ Ka8 24. R7e2 h5 25. Qc7 Rc8 26. Qd6 Be6 27.
Re4 c5 28. Qxd5 Bxd5 29. Re7 Bxc4 30. dxc4 Nb6 31. b3 Rhf8 32. Ba5 Kb8 33. R1e5
g6 34. Kf1 f6 35. R5e6 Rc6 36. Bxb6 Rxb6 37. Rxb6 axb6 38. h4 Rc8 39. Rg7 b5
40. Rxg6 bxc4 41. bxc4 Rc6 42. Ke2 Ra6 43. Rh6 Rxa3 44. Rxh5 b6 45. Rh7 Rc3 46.
Kd2 Rxc4 47. h5 Rb4 48. Rd7 Rb1 49. h6 Rh1 50. h7 Kc8 51. Rg7 1-0

[Event "DEM U14w 2009"]
[Site "Willingen GER"]
[Date "2009.06.05"]
[Round "8"]
[White "Kuckling, Hannah"]
[Black "Schmitt, Katrin"]
[Result "0-1"]
[Termination "normal"]
[Board "6"]
[WhiteElo "1525"]
[BlackElo "1606"]
[PlyCount "112"]
[WhiteFideId "24603660"]
[BlackFideId "24654400"]
[EventCountry "GER"]
[EventRounds "9"]
[EventType "swiss"]
[EventDate "2009.05.30"]

1. e4 e5 2. Nf3 Nc6 3. Bb5 a6 4. Bxc6 dxc6 5. Nc3 f6 6. d4 exd4 7. Qxd4 Qxd4 8.
Nxd4 Bd6 9. f3 Ne7 10. Be3 Bd7 11. Kf2 Ng6 12. Rad1 O-O-O 13. Nde2 Ne5 14. b3
Bb4 15. Na4 b6 16. Nb2 Bd6 17. Nd3 Rhe8 18. Nxe5 Bxe5 19. Bf4 Bxf4 20. Nxf4 Re5
21. Nd3 Re7 22. Rd2 c5 23. Rhd1 Be6 24. Nf4 Rxd2+ 25. Rxd2 Bf7 26. c3 Kb7 27.
Rd8 c6 28. Ne2 Bg6 29. Nf4 Bf7 30. h4 Kc7 31. Rd2 Rd7 32. Rxd7+ Kxd7 33. Ke3
Kd6 34. Nd3 c4 35. Nc1 cxb3 36. axb3 a5 37. Kd3 b5 38. Kc2 c5 39. Ne2 a4 40.
bxa4 bxa4 41. Kb2 Kc6 42. Nf4 Kb5 43. Nd5 Kc4 44. Nf4 a3+ 45. Kxa3 Kxc3 46.
Nd5+ Kd4 47. Ne7 Kd3 48. Nf5 c4 49. Kb2 Kd2 50. Nd4 c3+ 51. Kb1 Bc4 52. g4 Bd3+
53. Ka2 Kd1 54. g5 c2 55. Nxc2 Bxc2 56. Ka3 Ke2 0-1

[Event "DEM U14w 2009"]
[Site "Willingen GER"]
[Date "2009.06.05"]
[Round "8"]
[White "Berger, Nadja"]
[Black "Schäfer, Ann-Kathrin"]
[Result "1-0"]
[Termination "normal"]
[Board "7"]
[WhiteElo "1598"]
[BlackElo "1647"]
[PlyCount "81"]
[WhiteFideId "24692212"]
[BlackFideId "24615412"]
[EventCountry "GER"]
[EventRounds "9"]
[EventType "swiss"]
[EventDate "2009.05.30"]

1. e4 e6 2. d4 d5 3. Nc3 dxe4 4. Nxe4 Qd5 5. Bd3 Nf6 6. Nxf6+ gxf6 7. Nf3 Rg8
8. Rg1 Nc6 9. Bxh7 Rh8 10. Bd3 e5 11. dxe5 fxe5 12. Qe2 Bg7 13. Qe4 Qxe4+ 14.
Bxe4 Bd7 15. Be3 f5 16. Bxc6 Bxc6 17. Rh1 a6 18. O-O-O Rd8 19. Bg5 Rxd1+ 20.
Rxd1 Kf7 21. Nh4 Bf6 22. Bxf6 Kxf6 23. g3 f4 24. Kd2 Rd8+ 25. Ke1 Rxd1+ 26.
Kxd1 Bd5 27. a3 c5 28. Ke2 b5 29. c3 a5 30. Nf3 Bc4+ 31. Ke1 Kf5 32. Nd2 Bd5
33. f3 fxg3 34. hxg3 Kg5 35. Kf2 Kf5 36. Ke3 Kg5 37. Ne4+ Bxe4 38. Kxe4 Kf6 39.
g4 b4 40. g5+ Kxg5 41. Kxe5 1-0

[Event "DEM U14w 2009"]
[Site "Willingen GER"]
[Date "2009.06.05"]
[Round "8"]
[White "Lehmann, Patricia"]
[Black "Zeller, Elisa"]
[Result "1-0"]
[Termination "normal"]
[Board "8"]
[WhiteElo "1378"]
[BlackElo "1662"]
[PlyCount "137"]
[WhiteFideId "12900060"]
[BlackFideId "24662410"]
[EventCountry "GER"]
[EventRounds "9"]
[EventType "swiss"]
[EventDate "2009.05.30"]

1. d4 Nf6 2. c4 g6 3. Nc3 Bg7 4. e4 d6 5. Nf3 O-O 6. Bg5 Bg4 7. Be2 c6 8. h3
Bxf3 9. Bxf3 Nbd7 10. O-O Qc7 11. Qd2 Rad8 12. Rfe1 e5 13. d5 Nb6 14. b3 Rd7
15. Rac1 a6 16. dxc6 bxc6 17. Red1 Rb8 18. Qd3 Qb7 19. Rd2 h6 20. Be3 Rbd8 21.
Rcd1 Ne8 22. Bg4 Re7 23. Qe2 Nc8 24. c5 Bf8 25. Bxc8 Qxc8 26. cxd6 Red7 27. Bb6
Qb7 28. Bxd8 Rxd8 29. d7 Nc7 30. Na4 Ne6 31. Qe3 Bb4 32. Rc2 Rxd7 33. Rxd7 Qxd7
34. Kh2 Nd4 35. Rb2 c5 36. Qxh6 Qb5 37. Rb1 c4 38. Rc1 Qd7 39. Rxc4 Bd2 40. Qh4
Bf4+ 41. Kh1 Ne2 42. Nb2 Kg7 43. Rc2 Nd4 44. Rc4 Ne2 45. g3 Bg5 46. Qg4 Qd2 47.
Kg2 Nd4 48. Rxd4 Qxd4 49. Qxg5 Qxb2 50. Qe7 Qd4 51. Qb7 Qd3 52. Qd5 Qc3 53. a4
Qb2 54. Qc4 Qb1 55. b4 Kf6 56. b5 axb5 57. axb5 g5 58. Qc6+ Kg7 59. b6 Qb4 60.
b7 Qb1 61. Qd5 Qb2 62. Qd8 Qxb7 63. Qxg5+ Kf8 64. Qxe5 Qd7 65. h4 Qb7 66. h5
Qc6 67. Qf5 Ke7 68. Qf4 Qe8 69. Qe5+ 1-0

[Event "DEM U14w 2009"]
[Site "Willingen GER"]
[Date "2009.06.05"]
[Round "8"]
[White "Schmalhorst, Sophia"]
[Black "Puffay, Jana"]
[Result "1-0"]
[Termination "normal"]
[Board "9"]
[WhiteElo "1843"]
[BlackElo "1204"]
[PlyCount "29"]
[WhiteFideId "24682497"]
[BlackFideId "24692360"]
[EventCountry "GER"]
[EventRounds "9"]
[EventType "swiss"]
[EventDate "2009.05.30"]

1. e4 c5 2. Nf3 Nc6 3. Nc3 g6 4. d4 cxd4 5. Nxd4 Bg7 6. Be3 Nf6 7. f3 d5 8.
exd5 Nxd5 9. Nxc6 bxc6 10. Bd4 O-O 11. Bxg7 Kxg7 12. Qd2 Bb7 13. O-O-O Qa5 14.
Nxd5 Qxd5 15. Qc3+ 1-0

[Event "DEM U14w 2009"]
[Site "Willingen GER"]
[Date "2009.06.05"]
[Round "8"]
[White "Liez, Franziska"]
[Black "Polert, Annika"]
[Result "0-1"]
[Termination "normal"]
[Board "10"]
[WhiteElo "1037"]
[BlackElo "1487"]
[PlyCount "64"]
[WhiteFideId "1271766"]
[BlackFideId "24692328"]
[EventCountry "GER"]
[EventRounds "9"]
[EventType "swiss"]
[EventDate "2009.05.30"]

1. e4 d6 2. d4 Nf6 3. Nd2 g6 4. Bd3 Bg7 5. Ngf3 O-O 6. Qe2 c6 7. e5 Nd5 8. Ne4
Nd7 9. exd6 exd6 10. Nxd6 Qc7 11. Ne4 Re8 12. Be3 f5 13. Nfg5 fxe4 14. Nxe4
N7f6 15. f3 Bf5 16. Bf2 Nf4 17. Qf1 Nxe4 18. fxe4 Bxe4 19. Bc4+ Kh8 20. O-O-O
Bxg2 21. Qg1 b5 22. Bd3 Qf7 23. Kb1 Bxh1 24. Qxh1 Nxd3 25. Rxd3 Qxf2 26. Rd1
Rad8 27. c3 Re2 28. Ka1 Rxb2 29. Rd2 Qxd2 30. Qb1 Rxb1+ 31. Kxb1 Rf8 32. h4
Rf1# 0-1

[Event "DEM U14w 2009"]
[Site "Willingen GER"]
[Date "2009.06.05"]
[Round "8"]
[White "Rahimi, Rozafa"]
[Black "Lange, Anika"]
[Result "1-0"]
[Termination "normal"]
[Board "11"]
[WhiteElo "1408"]
[BlackElo "1275"]
[PlyCount "120"]
[WhiteFideId "24692280"]
[BlackFideId "24693405"]
[EventCountry "GER"]
[EventRounds "9"]
[EventType "swiss"]
[EventDate "2009.05.30"]

1. d4 d5 2. Bf4 g6 3. Nf3 Bg7 4. e3 Nf6 5. Bd3 O-O 6. Nbd2 Nc6 7. c3 b6 8. O-O
Bb7 9. Re1 e6 10. e4 dxe4 11. Nxe4 Nxe4 12. Bxe4 Rb8 13. Qd2 Re8 14. Bh6 Bh8
15. Re2 Ne7 16. Bxb7 Rxb7 17. Rae1 Rb8 18. Bf4 Rc8 19. Be5 Bxe5 20. Nxe5 Kg7
21. Qf4 Rf8 22. Ng4 Nd5 23. Qh6+ Kg8 24. Ne5 c5 25. Re4 Nf6 26. Rh4 Re8 27. Ng4
Nxg4 28. Qxh7+ Kf8 29. Rxg4 Qf6 30. Ree4 Qg7 31. Qxg7+ Kxg7 32. dxc5 Red8 33.
Kf1 Rxc5 34. Rc4 Rcd5 35. Rgd4 Rxd4 36. Rxd4 Rxd4 37. cxd4 Kf6 38. Ke2 Ke7 39.
Ke3 Kd6 40. h4 e5 41. g4 exd4+ 42. Kxd4 f6 43. h5 gxh5 44. gxh5 Ke7 45. Ke4 Kf7
46. Kf5 Kg7 47. h6+ Kxh6 48. Kxf6 Kh5 49. f4 Kh6 50. f5 a6 51. Ke7 Kg7 52. f6+
Kg8 53. f7+ Kg7 54. f8=Q+ Kg6 55. Qf6+ Kh5 56. Qg7 Kh4 57. Kf6 Kh3 58. Kf5 Kh2
59. Kf4 Kh1 60. Kf3 Kh2 1-0